000
00247 a2200109 4500
003
Nust
005
20170207154230.0
040
_c
Nust
082
_a
371.33
245
_a
Askari Taraney (Urdu) (VHS-439)
440
_a
Askari Taraney (Urdu) (VHS-439)
538
_a
Duration Mins 163
999
_c
195790
_d
195790